| 000 | 00338nam a22001217a 4500 | ||
|---|---|---|---|
| 999 |
_c17609 _d17609 |
||
| 008 | 221110b ||||| |||| 00| 0 eng d | ||
| 100 |
_aRamos, Mariejo. _946779 |
||
| 245 | _aAFP official booed out of forum / | ||
| 260 |
_aPhilippines; _bInquirer, _cNovember 29, 2019. |
||
| 300 | _apage A8. | ||
| 650 |
_aLaw. _946780 |
||
| 942 |
_2ddc _cPER |
||